000 01218nam a22002177a 4500
003 BDDh-ASL
005 20231205125826.0
008 211101s2017 b ||||| |||| 00| 0 b d
040 _cBDDh-ASL
041 _aben
082 _a910.35492
_bBAN
245 0 0 _aবাংলাদেশ জেলা গেজেটীয়ার: সিলেট /
246 _aBangladesh District Gazetteer: Sylhet
260 _aঢাকা:
_bপরিসংখ্যান ও তথ্য ব্যবস্থাপনা বিভাগ, পরিকল্পনা মন্ত্রণালয়, গণপ্রজাতন্ত্রী বাংলাদেশ সরকার,
_c২০১৭।
300 _a৬৫৯ পৃষ্ঠা, :
_bছবি ও ম্যাপ;
_c২৪ সে. মি.
504 _aগ্রন্থপঞ্জি ও নিঘন্ট সংযুক্ত ।
650 0 _95558
_aDistrict Gazetteer (জেলা গেজেটীয়ার)
651 0 _aSylhet (সিলেট, শ্রীহট্ট)
_zBangladesh (বাংলাদেশ)
_93070
700 1 _aচৌধুরী, কামাল আবদুল নাসের
_cড.
_96279
942 _2ddc
_cBK
999 _c34486
_d34486